<?xml version="1.0" encoding="UTF-8"?>
<record
    xmlns:xsi="http://www.w3.org/2001/XMLSchema-instance"
    xsi:schemaLocation="http://www.loc.gov/MARC21/slim http://www.loc.gov/standards/marcxml/schema/MARC21slim.xsd"
    xmlns="http://www.loc.gov/MARC21/slim">

  <leader>01096     2200253   4500</leader>
  <controlfield tag="001">9457</controlfield>
  <datafield tag="010" ind1=" " ind2=" ">
    <subfield code="a">2264001364</subfield>
  </datafield>
  <datafield tag="090" ind1=" " ind2=" ">
    <subfield code="a">9457</subfield>
  </datafield>
  <datafield tag="099" ind1=" " ind2=" ">
    <subfield code="t">LIVR</subfield>
  </datafield>
  <datafield tag="100" ind1=" " ind2=" ">
    <subfield code="a">19770607d1977    m  y0frey50      ba</subfield>
  </datafield>
  <datafield tag="101" ind1="0" ind2=" ">
    <subfield code="a">fre</subfield>
  </datafield>
  <datafield tag="102" ind1=" " ind2=" ">
    <subfield code="a">FR</subfield>
  </datafield>
  <datafield tag="200" ind1="1" ind2=" ">
    <subfield code="a">Le Signifiant imaginaire</subfield>
    <subfield code="b">LIVR</subfield>
    <subfield code="e">Psychanalyse et Cin&#xE9;ma</subfield>
    <subfield code="f">Christian Metz</subfield>
  </datafield>
  <datafield tag="210" ind1=" " ind2=" ">
    <subfield code="a">Paris</subfield>
    <subfield code="c">Union g&#xE9;n&#xE9;rale d'&#xE9;ditions</subfield>
    <subfield code="d">1977</subfield>
  </datafield>
  <datafield tag="215" ind1=" " ind2=" ">
    <subfield code="a">370 p.</subfield>
    <subfield code="c">couv. ill. en coul.</subfield>
    <subfield code="d">18 cm</subfield>
  </datafield>
  <datafield tag="225" ind1=" " ind2=" ">
    <subfield code="a">10-18 </subfield>
    <subfield code="v">1134</subfield>
    <subfield code="f">Christian Bourgois </subfield>
  </datafield>
  <datafield tag="330" ind1=" " ind2=" ">
    <subfield code="a">Le cin&#xE9;ma comme institution du signifiant: d'embl&#xE9;e historique, et pas seulement par ses &#xAB; contenus &#xBB;.

La machine-cin&#xE9;ma dans l'imaginaire et dans la symbolique d'une civilisation.

Appareils: psychique, optique. Jeux de miroirs (d&#xE9;cal&#xE9;s).

Vers une seconde &#xAB; s&#xE9;miologie &#xBB;, ou le sens comme op&#xE9;ration.</subfield>
  </datafield>
  <datafield tag="606" ind1=" " ind2=" ">
    <subfield code="3">11965199</subfield>
    <subfield code="a">S&#xE9;miotique et cin&#xE9;ma</subfield>
    <subfield code="9">25743</subfield>
  </datafield>
  <datafield tag="606" ind1=" " ind2=" ">
    <subfield code="3">11970727</subfield>
    <subfield code="a">Psychanalyse et cin&#xE9;ma</subfield>
    <subfield code="9">25744</subfield>
  </datafield>
  <datafield tag="700" ind1=" " ind2=" ">
    <subfield code="3">12306614</subfield>
    <subfield code="a">Metz</subfield>
    <subfield code="b">Christian</subfield>
    <subfield code="4">070</subfield>
    <subfield code="9">25745</subfield>
  </datafield>
  <datafield tag="702" ind1=" " ind2=" ">
    <subfield code="4">440</subfield>
    <subfield code="a">Bernard </subfield>
    <subfield code="b">Pierre </subfield>
    <subfield code="9">25746</subfield>
  </datafield>
  <datafield tag="801" ind1=" " ind2="0">
    <subfield code="a">FR</subfield>
    <subfield code="b">FR-751131015</subfield>
    <subfield code="c">19770607</subfield>
    <subfield code="g">AFNOR</subfield>
  </datafield>
  <datafield tag="801" ind1=" " ind2="0">
    <subfield code="a">TN</subfield>
    <subfield code="b">32Bis</subfield>
  </datafield>
  <datafield tag="830" ind1=" " ind2=" ">
    <subfield code="a">ABA</subfield>
  </datafield>
  <datafield tag="995" ind1=" " ind2=" ">
    <subfield code="1">0</subfield>
    <subfield code="2">0</subfield>
    <subfield code="3">0</subfield>
    <subfield code="5">2026-02-19</subfield>
    <subfield code="9">7466</subfield>
    <subfield code="b">32BIS</subfield>
    <subfield code="c">32BIS</subfield>
    <subfield code="e">Salle de lecture</subfield>
    <subfield code="f">007242</subfield>
    <subfield code="i">2026-02-19</subfield>
    <subfield code="j">7161</subfield>
    <subfield code="k">791.43 MET </subfield>
    <subfield code="o">0</subfield>
    <subfield code="r">LIVR</subfield>
    <subfield code="s">791_430000000000000_MET</subfield>
    <subfield code="u">D&#xE9;p&#xF4;t MAB</subfield>
    <subfield code="w">0</subfield>
    <subfield code="y">2026-02-19</subfield>
    <subfield code="l"></subfield>
  </datafield>
</record>
